header

Numerical approaches to combustion modeling (Record no. 224308)

MARC details
000 -LEADER
fixed length control field 01619nam a2200361 a 4500
082 04 - DEWEY DECIMAL CLASSIFICATION NUMBER
Classification number 621.402/3
245 00 - TITLE STATEMENT
Title Numerical approaches to combustion modeling
260 ## - PUBLICATION, DISTRIBUTION, ETC. (IMPRINT)
Place of publication Washington, D.C. :
Name of publisher American Institute of Aeronautics and Astronautics,
Year of publication c1991.
300 ## - PHYSICAL DESCRIPTION
Number of Pages xx, 815 p., [4] p. of plates :
Other physical details ill. (some col.).
490 1# - SERIES STATEMENT
Series statement Progress in astronautics and aeronautics ;
505 0# - FORMATTED CONTENTS NOTE
Formatted contents note pt. 1. Chemistry in combustion modeling -- pt. 2. Flames and flame structure -- pt. 3. High-speed reacting flows -- pt. 4. (Even more) complex combustion systems.
650 #0 - SUBJECT ADDED ENTRY--TOPICAL TERM
Topical Term Combustion
700 1# - ADDED ENTRY--PERSONAL NAME
Personal name Oran, Elaine S.
Personal name Boris, Jay P.
856 40 - ELECTRONIC LOCATION AND ACCESS
Uniform Resource Identifier http://site.ebrary.com/lib/rucke/Doc?id=10516736

No items available.

© 2026 Rongo University
Contact us: librarian | system librarian | Rongo university